header

Philosophy of religion in the 21st century (Record no. 59506)

MARC details
000 -LEADER
fixed length control field 01323nam a22003254a 4500
082 04 - DEWEY DECIMAL CLASSIFICATION NUMBER
Classification number 210
245 00 - TITLE STATEMENT
Title Philosophy of religion in the 21st century
260 ## - PUBLICATION, DISTRIBUTION, ETC. (IMPRINT)
Place of publication Houndmills, Basingstoke, Hampshire ;
-- New York :
Name of publisher Palgrave,
Year of publication 2001.
300 ## - PHYSICAL DESCRIPTION
Number of Pages xvii, 308 p.
490 1# - SERIES STATEMENT
Series statement Claremont studies in the philosophy of religion
650 #0 - SUBJECT ADDED ENTRY--TOPICAL TERM
Topical Term Religion
700 1# - ADDED ENTRY--PERSONAL NAME
Personal name Phillips, D. Z.
Personal name Tessin, Timothy.
856 40 - ELECTRONIC LOCATION AND ACCESS
Uniform Resource Identifier http://site.ebrary.com/lib/rucke/Doc?id=10041622

No items available.

© 2026 Rongo University
Contact us: librarian | system librarian | Rongo university